How to research & write a successful PhD / (Record no. 22583)

MARC details
000 -LEADER
fixed length control field 01271cam a22003255a 4500
001 - CONTROL NUMBER
control field 17684731
003 - CONTROL NUMBER IDENTIFIER
control field EG-ScBUE
005 - DATE AND TIME OF LATEST TRANSACTION
control field 20200209114255.0
008 - FIXED-LENGTH DATA ELEMENTS--GENERAL INFORMATION
fixed length control field 130404s2013 enka f b 000 0 eng d
020 ## - INTERNATIONAL STANDARD BOOK NUMBER
International Standard Book Number 9780273773917
040 ## - CATALOGING SOURCE
Original cataloging agency DLC
Language of cataloging eng
Description conventions rda
Transcribing agency DLC
Modifying agency DLC
-- EG-ScBUE
082 04 - DEWEY DECIMAL CLASSIFICATION NUMBER
Classification number 808.066378
Item number MCM
Edition number 22
100 1# - MAIN ENTRY--PERSONAL NAME
Personal name McMillan, Kathleen,
Relator term author.
9 (RLIN) 13190
245 10 - TITLE STATEMENT
Title How to research & write a successful PhD /
Statement of responsibility, etc Kathleen McMillan & Jonathan Weyers.
246 3# - VARYING FORM OF TITLE
Title proper/short title How to research and write a successful PhD
264 #1 - PUBLICATION, DISTRIBUTION, ETC. (IMPRINT)
Place of publication, distribution, etc Harlow, United Kingdom :
Name of publisher, distributor, etc Pearson Education Limited,
Date of publication, distribution, etc 2013.
300 ## - PHYSICAL DESCRIPTION
Extent xv, 406 pages :
Other physical details illustrations ;
Dimensions 22 cm.
336 ## - CONTENT TYPE
Source rdacontent
Content type term text
Content type code txt
337 ## - MEDIA TYPE
Source rdamedia
Media type term unmediated
Media type code n
338 ## - CARRIER TYPE
Source rdacarrier
Carrier type term volume
Carrier type code nc
490 0# - SERIES STATEMENT
Series statement Smarter study skills
504 ## - BIBLIOGRAPHY, ETC. NOTE
Bibliography, etc Includes bibliographical references.
520 ## - SUMMARY, ETC.
Summary, etc Written by experts in the field, this book takes a common-sense, no-nonsense approach that gives postgraduates immediate access to the information they need.
650 #7 - SUBJECT ADDED ENTRY--TOPICAL TERM
Topical term or geographic name as entry element Dissertations, Academic
General subdivision Authorship.
Source of heading or term BUEsh
9 (RLIN) 41626
650 #7 - SUBJECT ADDED ENTRY--TOPICAL TERM
Topical term or geographic name as entry element Academic writing.
Source of heading or term BUEsh
653 ## - INDEX TERM--UNCONTROLLED
Resource For college Humanities: English
-- Generalities
Arrived date list October2016
655 ## - INDEX TERM--GENRE/FORM
Form subdivision Reading book
700 1# - ADDED ENTRY--PERSONAL NAME
Personal name Weyers, Jonathan D. B.,
Relator term author.
942 ## - ADDED ENTRY ELEMENTS (KOHA)
Source of classification or shelving scheme Dewey Decimal Classification
Koha item type Book - Borrowing
Holdings
Withdrawn status Lost status Source of classification or shelving scheme Damaged status Not for loan Collection code Home library Current library Shelving location Date acquired Source of acquisition Cost, normal purchase price Serial Enumeration / chronology Total Checkouts Total Renewals Full call number Barcode Date last seen Date checked out Cost, replacement price Price effective from Koha item type
    Dewey Decimal Classification     Academic Bookshop Central Library Central Library Second Floor 15/10/2016 Purchase 330.00 9118 2 13 808.066378 MCM 000034069 15/07/2025 04/10/2017 412.50 15/10/2016 Book - Borrowing